Logo BPK

Biblioteka

Politechniki Koszalińskiej

Układy programawalne ; pierwsze kroki / (Rekord nr 44479)

Szczegóły MARC
000 -ETYKIETA REKORDU
podpole kontrolne o stałej długości 00737nam a2200241 i 4500
001 - NUMER KONTROLNY REKORDU
pole kontrolne bg
020 ## - MIĘDZYNARODOWY ZNORMALIZOWANY NUMER KSIĄŻKI - ISBN
ISBN 8391006700
040 ## - ŹRÓDŁO KATALOGOWANIA
Instytucja, która utworzyła rekord BPK
041 0# - KOD JĘZYKA
Kod języka tekstu pol
080 ## - UNIWERSALNA KLASYFIKACJA DZIESIĘTNA - UKD
UKD 621.3.049.77+621.382:004.42](07)
920 ## - Międzynarodowy znormalizowany numer książki – ISBN
ISBN 83-910067-0-0
008 - POLE O STAŁEJ DŁUGOŚCI - DANE KONTROLNE
podpole kontrolne o stałej długości s pl f |000 0 pol
100 1# - NAZWA OSOBOWA
Nazwa osobowa ZBYSIŃSKI, Piotr
245 10 - TYTUŁ/ODPOWIEDZIALNOŚĆ
Tytuł Układy programawalne ; pierwsze kroki /
Pozostałe elementy strefy tytułu i oznaczenia odpowiedzialności Piotr Zbysiński, Jerzy Pasierbiński.
250 ## - STREFA WYDANIA
Oznaczenie wydania Wyd. 2 zm. i popr.
260 ## - STREFA ADRESU WYDAWNICZEGO
Miejsce wydania Warszawa :
Nazwa wydawcy/dystrybutora "BTC",
Data publikacji, dystrybucji/powstania dokumentu 2004.
300 ## - STREFA OPISU FIZYCZNEGO
Objętość 278 s. :
Inne cechy fizyczne il. ;
Rozmiary 25 cm +
Dokument towarzyszący CD ROM.
504 ## - UWAGA DOTYCZĄCA BIBLIOGRAFII
Informacje o bibliografii Indeks.
650 #9 - HASŁO PRZEDMIOTOWE W FORMIE NAZWY OGÓLNEJ LUB JEDNOSTKOWEJ
Nazwa ogólna lub geograficzna Układy cyfrowe
Określnik ogólny oprogramowanie
655 ## - TERMIN INDEKSOWY - OKREŚLENIE RODZAJU/FORMY DOKUMENTU
Określenie rodzaju/formy dokumentu Podręczniki
856 ## - LOKALIZACJA I DOSTĘP DO ELEKTRONICZNYCH DOKUMENTÓW ZDALNYCH
Link (URL) http://koha.tu.koszalin.pl/cgi-bin/koha/opac-detail.pl?biblionumber=44479
Tekst linku Katalog online BPK
942 ## - DODATKOWE ELEMENTY (KOHA)
Typ dokumentu Książka
Egzemplarze
Wycofany Status egzemplarza Uszkodzony Dostępność Lokalizacja stała Lokalizacja bieżąca Miejsce przechowywania Sygnatura Kod kreskowy Dział Typ dokumentu
      Tylko na miejscu Biblioteka Politechniki Koszalińskiej Biblioteka Politechniki Koszalińskiej Czytelnia BG 71844 02177861 621.3.037/.049 Mikroelektronika Książka
      Dostępny Biblioteka Politechniki Koszalińskiej Biblioteka Politechniki Koszalińskiej Wypożyczalnia BG 71845 02177854   Książka
© 2023 Biblioteka Politechniki Koszalińskiej :: KOHA